Les Etats américains qui ont plusieurs fuseaux horaires - Statistiques

Statistiques générales
  • Ce quiz a été pris 188 fois
  • Le résultat moyen est 10 sur 16
Statistiques - réponses
Fuseaux Horaires Réponse % Correct
Montagne-Centre Texas
93%
Alaska-Hawai Alaska
88%
Alaska-Hawai Hawai
84%
Pacifique-Montagne Nevada
75%
Montagne-Centre Dakota du sud
67%
Montagne-Centre Dakota du nord
66%
Pacifique-Montagne Oregon
64%
Pacifique-Montagne Arizona
63%
Montagne-Centre Kansas
62%
Centre-Est Michigan
57%
Pacifique-Montagne Idaho
56%
Centre-Est Tennessee
55%
Centre-Est Floride
51%
Centre-Est Kentucky
47%
Montagne-Centre Nebraska
44%
Centre-Est Indiana
37%
Aucun quiz correspondant
Distribution des résultats
% des personnes avec chaque résultat
Percentile par nombre de réponses
Votre historique - résultats
Vous n’avez pas pris ce quiz